Word Ladder: Openness Proverb Quiz Stats

 Plays Quiz Updated Mar 22, 2016

Challenge
Share
Tweet
Embed
Score 0/17 Timer 02:00
0 Plays Today
Clue 4-Letter Answer % Correct
Finished; overDONE
97%
Sandhill formed by the windDUNE
96.1%
2000 movie: ''____, Where's My Car?''DUDE
95.6%
Overcook or charBURN
93.9%
Lima, navy, or kidney, e.g.BEAN
93.6%
Capital of SwitzerlandBERN
91.5%
A book of the New TestamentJUDE
87.9%
From whence a plant comesSEED
87.9%
A body of 12 of one's peersJURY
87.5%
Clue 4-Letter Answer % Correct
The wife in the puppet show ''Punch and ____''JUDY
87%
Small drop of liquidBEAD
82.7%
1973 Stephen Sondheim song: ''____ in the Clowns''SEND
81.3%
Proverb: [rung 1] ____ your [rung 13] in the [rung 17]● BURY ●
80.9%
Pay close and careful attention toHEED
77.2%
Proverb: ____ [rung 8] your [rung 13] in the [rung 17]● DON'T ●
76.6%
Proverb: [rung 1] [rung 8] your ____ in the [rung 17]● HEAD ●
75.8%
Proverb: [rung 1] [rung 8] your [rung 13] in the ____● SAND ●
72.2%

Today's Daily Dose

You're not logged in!

Compare scores with friends on all Sporcle quizzes.
Join for Free
OR
Log In

You Might Also Like...

Show Comments

Extras

Top Quizzes Today


Score Distribution

Your Account Isn't Verified!

In order to create a playlist on Sporcle, you need to verify the email address you used during registration. Go to your Sporcle Settings to finish the process.

Report this User

Report this user for behavior that violates our Community Guidelines.

Details: